=LDR 00000nam 2200000 4500 =001 INLIS000000000058640 =005 20211006093816 =035 ##$$a 0010-1021000088 =007 ta =008 211006###########################0###### =082 ##$$a 899.221 3 =084 ##$$a 899.221 3 AMN s =100 #$$a Amnensy =245 1#$$a Seanna =250 ##$$a Cet. 1 =260 ##$$a Selagalas :$b Novelindo Publishing,$c 2020 =300 ##$$a 555 halaman ; $c 21 em =600 #4$$a Fiksi - Indonesia =990 ##$$a 15641564 =990 ##$$a 124/50/2021 =990 ##$$a 124/50/2021